| 000 | 01226nam a2200337Ia 4500 | ||
|---|---|---|---|
| 003 | GCL | ||
| 008 | 140319s9999 xx 000 0 ara d | ||
| 040 |
_aGCL / _cGCL |
||
| 082 | 0 | 4 |
_a659.130 _bك خ |
| 100 | 1 | _aكى، براين ويلسون | |
| 245 | 1 | 0 |
_aخفايا الاستغلال الجنسى فى وسائل الاعلام : _bMEDIA SEXPLOITATION / _cكى، براين ويلسون |
| 700 | 1 | _aمحمد الواكد | |
| 700 | 1 | _aزاكيا، ريتشارد د. | |
| 250 | _aالاولى | ||
| 260 |
_aسوريا : _bالاوائل للنشر والتوزيع ، _c2005 |
||
| 300 |
_a320 ص ؛ _c24 سم |
||
| 650 | 0 | 4 | _aالجنس |
| 650 | 0 | 4 | _aالتسويق |
| 650 | 0 | 4 | _aالدعاية |
| 650 | 0 | 4 | _aالوعى الاجتماعى |
| 650 | 0 | 4 | _aالراى العام |
| 650 | 0 | 4 | _aالباعة وفن البيع |
| 650 | 0 | 4 | _aالحملات الاعلانية |
| 650 | 0 | 4 | _aالتليفزيون والشباب |
| 650 | 0 | 4 | _aالاعلان المضلل |
| 650 | 0 | 4 | _aالملصقات |
| 650 | 0 | 4 | _aالفن التجارى |
| 650 | 0 | 4 | _aوسائل الاعلام - الجوانب الاخلاقية والدينية |
| 650 | 0 | 4 | _aالتليفزيون - اخلاقيات |
| 942 |
_2ddc _cBK |
||
| 999 |
_c8516 _d8516 |
||